<Die> Kredit- und Zinspolitik der Bundesbank.
Ciele úverovej politiky Spolkovej banky. Prípady obmedzenia financovania v hotovosti. Druhy požadovaných úverov, pripravenosť banky plniť ich a spôsob ich realizácie. Spôsoby realizácie úrokovej politiky banky. Niektoré problémy rediskontovania.
Saved in:
| Main Author: | |
|---|---|
| Format: | Book Chapter |
| Language: | German |
| Subjects: | |
| Tags: |
No Tags, Be the first to tag this record!
|
MARC
| LEADER | 00000naa a2200000 4500 | ||
|---|---|---|---|
| 001 | r006503 | ||
| 005 | 20221208122752.5 | ||
| 041 | 0 | |a ger | |
| 044 | |a DE | ||
| 245 | 1 | 0 | |a <Die> Kredit- und Zinspolitik der Bundesbank. |c A. Spangemacher |
| 520 | |a Ciele úverovej politiky Spolkovej banky. Prípady obmedzenia financovania v hotovosti. Druhy požadovaných úverov, pripravenosť banky plniť ich a spôsob ich realizácie. Spôsoby realizácie úrokovej politiky banky. Niektoré problémy rediskontovania. | ||
| 610 | 2 | 0 | |a úver |
| 610 | 2 | 0 | |a úrok |
| 610 | 2 | 0 | |a banky emisné |
| 610 | 2 | 0 | |a Nemecko |
| 100 | 1 | |a Spangemacher, A. | |